BIBLIOTECA PODER JUDICIAL
Portal Judicial TDF

El recurso de queja / (Registro nro. 1441)

000 -LEADER
fixed length control field 00858nam a22002417a 4500
003 - CONTROL NUMBER IDENTIFIER
control field OSt
005 - DATE AND TIME OF LATEST TRANSACTION
control field 20180911085540.0
008 - FIXED-LENGTH DATA ELEMENTS--GENERAL INFORMATION
fixed length control field 180220b xxu||||| |||| 00| 0 spa d
040 ## - CATALOGING SOURCE
Transcribing agency PJ
100 ## - ASIENTO PRINCIPAL - NOMBRE DE PERSONA
9 (RLIN) 2147
Personal name Condorelli, Epifanio J. L.
245 13 - MENCIÓN DE TÍTULO
Título propiamente dicho El recurso de queja /
Mención de responsabilidad, etc Epifanio J. Condorelli; prólogo de Augusto M. Morello.
260 ## - PUBLICATION, DISTRIBUTION, ETC. (IMPRINT)
Place of publication, distribution, etc La Plata :
Date of publication, distribution, etc Lep,
Name of publisher, distributor, etc 1979.
300 ## - DESCRIPCION FISICA
Extent 176 p.
Dimensions 23 cm.
500 ## - NOTA GENERAL
General note Notas y citas bibliográficas a pie de página.<br/>
504 ## - NOTA DE BIBLIOGRAFÍA, ETC.
Bibliography, etc Bibliografía: p. 173-176.
650 #0 - ASIENTO SECUNDARIO DE MATERIA - TERMINO TEMATICO
9 (RLIN) 267
Topical term or geographic name as entry element DERECHO PROCESAL
650 #0 - ASIENTO SECUNDARIO DE MATERIA - TERMINO TEMATICO
9 (RLIN) 178
Topical term or geographic name as entry element DERECHO CONSTITUCIONAL
650 #0 - ASIENTO SECUNDARIO DE MATERIA - TERMINO TEMATICO
9 (RLIN) 2102
Topical term or geographic name as entry element RECURSO DE QUEJA (PROCESAL)
650 #0 - ASIENTO SECUNDARIO DE MATERIA - TERMINO TEMATICO
9 (RLIN) 2160
Topical term or geographic name as entry element QUEJA POR RECURSO DENEGADO
650 #0 - ASIENTO SECUNDARIO DE MATERIA - TERMINO TEMATICO
9 (RLIN) 2161
Topical term or geographic name as entry element QUEJA POR DENEGACIÓN DEL RECURSO EXTRAORDINARIO
700 ## - ADDED ENTRY--PERSONAL NAME
9 (RLIN) 95
Personal name Morello, Augusto Mario
Relator term prologuista
942 ## - ADDED ENTRY ELEMENTS (KOHA)
Source of classification or shelving scheme
Koha item type Libros
Classification part 347.957
Item part CON
Existencias
Withdrawn status Lost status Source of classification or shelving scheme Damaged status Not for loan Permanent Location Current Location Date acquired Full call number Barcode Date last seen Price effective from Koha item type
          Biblioteca Poder Judicial Sur Biblioteca Poder Judicial Sur 2018-09-11 347.957 CON 0538 2018-09-11 2018-09-11 Libros

12 de Octubre 789 Ushuaia - Tel:  54(02901)441571
Horario de Atención: 8.00 a 17.00 hs. 
bibliotecaush@justierradelfuego.gov.ar
koha@justierradelfuego.gov.ar
Seguinos en nuestras redes @bibliojustdf 

Con tecnología Koha